Nordic Cities A-Z - Statistics

General Stats
  • This quiz has been taken 138 times
  • The average score is 13 of 22
Answer Stats
Hint City % Correct
C Tivoli Gardens Copenhagen
95%
G Sweden's main seaport Gothenburg
91%
M You can drive to this city through the Øresund Bridge from C Malmö
90%
R Europe's westernmost capital Reykjavik
89%
N Capital of Greenland Nuuk
88%
A Danish Jutland's biggest city Aarhus
87%
B Norway's 13th century capital Bergen
86%
U Home to the first Nordic university Uppsala
77%
L 1994 Winter Olympics host town Lillehammer
74%
E Nokia headquarters Espoo
68%
O Largest city in northern Finland Oulu
68%
T Largest inland Finnish city Tampere
66%
S Norway's "oil capital" Stavanger
65%
V Main city of the Island of Gotland Visby
59%
K Site of a 1397 treaty uniting allthe Nordic countries Kalmar
51%
D City near Oslo that got the firsttrolleybus system in Scandinavia Drammen
38%
Y Swedish village where four elements were discovered Ytterby
31%
F Swedish city whose name is the first word of a religious movement ending in "Gong" Falun
30%
J "Athens of Finland" Jyväskylä
29%
P Four-letter city that was site of thefirst Finnish-language theater Pori
24%
H "Hometown" of Will Ferrell'scharacter in a 2020 Netflix film Húsavík
14%
I Finnish city on the Russian border Imatra
12%
No matching quizzes found
Score Distribution
Percent of People with Each Score
Percentile by Number Answered
Your Score History
You have not taken this quiz